| 000 | 00683nam a22001217a 4500 | ||
|---|---|---|---|
| 040 | _cRUA | ||
| 082 | _aVEM CHI 2014 B436 O.1 | ||
| 100 | _aCHIM KHON; ជឹម ខុន | ||
| 245 | _aObservation diseases of post-partturition sow at kong tho farm mean chey district, phnom phenh, អង្កេតជំងឺជ្រូកក្រោយពេលសំរាលរហូតដល់ផ្ដាច់ដោះនៅកសិដ្ឋាន គង់ ថូ ខណ្ឌមានជ័យ រាជធានីភ្នំពេញ | ||
| 300 |
_aix,39p. _bill. _c29cm. |
||
| 856 | _uhttps://drive.google.com/file/d/1UolBtytnr1JQNJoma26fg66-8PHDfUkM/view?usp=sharing | ||
| 942 | _cVEM | ||
| 999 |
_c7034 _d7034 |
||